| 000 | 004780000a22001810004500 | ||
|---|---|---|---|
| 003 | MACL | ||
| 005 | 20151229152457.0 | ||
| 008 | 151229b xxu||||| |||| 00| 0 eng d | ||
| 040 |
_aMACL _cMACL |
||
| 041 | _aEnglish | ||
| 082 | _a294.4/SIN | ||
| 100 |
_aSinghi, Sri Bahadur Singh _924064 |
||
| 245 |
_aShri Bahadur Singh Singhi Memoirs _bVolume 4 |
||
| 260 |
_bSinghi Jain Sastra Sikshapith _c1953 |
||
| 350 | _a20 | ||
| 650 |
_aReligion _924065 |
||
| 942 |
_cBK _k294.4/SIN _2ddc |
||
| 999 |
_c34644 _d34644 |
||